Programming guide to foxpro 2.6 (Record no. 89233)
[ view plain ]
| 000 -LEADER | |
|---|---|
| fixed length control field | 00420nam a2200169Ia 4500 |
| 008 - FIXED-LENGTH DATA ELEMENTS--GENERAL INFORMATION | |
| fixed length control field | 230125s9999 xx 000 0 und d |
| 041 ## - LANGUAGE CODE | |
| Language code of text/sound track or separate title | eng |
| 082 ## - DEWEY DECIMAL CLASSIFICATION NUMBER | |
| Classification number | 005.133 |
| Item number | DIC |
| 100 ## - MAIN ENTRY--PERSONAL NAME | |
| Personal name | Dickler H |
| 9 (RLIN) | 112295 |
| 245 ## - TITLE STATEMENT | |
| Title | Programming guide to foxpro 2.6 |
| 250 ## - EDITION STATEMENT | |
| Edition statement | 2nd ed |
| 260 ## - PUBLICATION, DISTRIBUTION, ETC. (IMPRINT) | |
| Date of publication, distribution, etc. | 1995 |
| Name of publisher, distributor, etc. | BPB Publication |
| 300 ## - PHYSICAL DESCRIPTION | |
| Extent | 766p |
| 500 ## - GENERAL NOTE | |
| Keywords | Programming guid,guid |
| 700 ## - ADDED ENTRY--PERSONAL NAME | |
| Personal name | Dickler H |
| 9 (RLIN) | 112295 |
| Withdrawn status | Lost status | Damaged status | Not for loan | Home library | Current library | Date acquired | Vendor | Cost, normal purchase price | Full call number | Barcode | Date last seen | Cost, replacement price | Bill Date | Koha item type | Original Barcode |
|---|---|---|---|---|---|---|---|---|---|---|---|---|---|---|---|
| Withdrawn | Smt. Hiraben Nanavati Institute of Management & Research for Women | Smt. Hiraben Nanavati Institute of Management & Research for Women | 13/07/1999 | Everest publisher | 375.00 | 005.133 DIC B01621 | HIMR-BK-1621 | 25/01/2023 | 375.00 | 13/07/1999 | Books | B01621 |